书目信息 |
| 题名: |
微生物学
|
|
| 作者: | 钱海伦 主编 | |
| 分册: | ||
| 出版信息: | 北京 中国医药科技出版社 1993.12 |
|
| 页数: | 368页 | |
| 开本: | 26cm | |
| 丛书名: | 普通高等教育药学类规划教材 | |
| 单 册: | ||
| 中图分类: | Q93 | |
| 科图分类: | ||
| 主题词: | 微生物学 | |
| 电子资源: | ||
| ISBN: | 7-5067-0796-9 | |
| 000 | 00840nam 2200265 450 | |
| 001 | 0151025561 | |
| 005 | 20051018102124.63 | |
| 010 | @a7-5067-0796-9@dCNY36.00 | |
| 100 | @a20050308d1993 km y0chiy0120 ea | |
| 101 | 0 | @achi |
| 102 | @aCN@b110000 | |
| 105 | @aa a 000yy | |
| 200 | 1 | @a微生物学@Awei sheng wu xue@f钱海伦主编@Fqian hai lun zhu bian |
| 210 | @a北京@c中国医药科技出版社@d1993.12 | |
| 215 | @a368页@c图@d26cm | |
| 225 | 2 | @a普通高等教育药学类规划教材 |
| 320 | @a有书目 (第367-368页)。 | |
| 330 | @a本书共分三篇,20章:第一篇微生物学概论,第二篇免疫学基础,第三篇微生物制药概述。 | |
| 333 | @a供生物制药、微生物制药专业用。 | |
| 410 | 0 | @12001 @a普通高等教育药学类规划教材 |
| 606 | 0 | @a微生物学 |
| 690 | @aQ93@v4 | |
| 701 | 0 | @a钱海伦@Aqian hai lun@4主编 |
| 801 | 0 | @aCN@bQSSK@c20051018 |
| 905 | @a10447@dQ93@eQ203 | |
| 微生物学/钱海伦主编.-北京:中国医药科技出版社,1993.12 |
| 368页:图;26cm.-(普通高等教育药学类规划教材) |
| 使用对象:供生物制药、微生物制药专业用。 |
| ISBN 7-5067-0796-9:CNY36.00 |
| 本书共分三篇,20章:第一篇微生物学概论,第二篇免疫学基础,第三篇微生物制药概述。 |
| ● |
| 相关链接 |
|
|
|
正题名:微生物学
索取号:Q93/Q203
 
预约/预借
| 序号 | 登录号 | 条形码 | 馆藏地/架位号 | 状态 | 备注 |
| 1 | 570234 | 205702346 | 自科库401/401自科库 33排2列3层/ [索取号:Q93/Q203] | 在馆 | |
| 2 | 570235 | 205702355 | 自科库401/401自科库 33排2列3层/ [索取号:Q93/Q203] | 在馆 | |
| 3 | 570236 | 205702364 | 自科库401/401自科库 33排2列3层/ [索取号:Q93/Q203] | 在馆 |